| 000 | 01003nam a2200301Ia 4500 | ||
|---|---|---|---|
| 999 |
_c55610 _d55610 |
||
| 001 | 22705 | ||
| 003 | GE_BSU | ||
| 005 | 20230424153525.0 | ||
| 008 | 181216s ||||ge |||||||||||||| ||eng|| | ||
| 020 | _a9788376632315:Vol.1:978837663232:Vol.2 | ||
| 040 | _cGE_BSU | ||
| 050 | _aeng | ||
| 080 | _a577.3(075.8):61:53 S-20 | ||
| 100 |
_aSanikidze,Tamar _917761 |
||
| 245 |
_aBiological and Medical Physics : Vol.2 / _cTamar Sanikidze, Ramin Antia. |
||
| 264 |
_a[Tbilisi] : _bPublishing house, _c2016. |
||
| 300 |
_a279 p.: _bill. ; _c29cm. |
||
| 500 | _aCo-funded by the Tempus Programme of the European union | ||
| 505 | _abibliography p. 279 | ||
| 541 | _h10gel. | ||
| 653 | _aBiological and Medical Physics Vol.2 | ||
| 653 | _aბიოლოგია | ||
| 653 | _aბიოლოგიური და სამედიცინო ფიზიკა | ||
| 653 | _aმედიცინა | ||
| 653 | _aფიზიკა | ||
| 700 |
_aAntia, Ramin _dby _917762 |
||
| 942 |
_cBK _2udc |
||